Sovremennyje tendencii formirovanija rynkov truda v stranach s razvitoj rynočnoj ekonomikoj.

Štruktúrne zmeny v systéme zamestnanosti v USA. Narastanie významu malého a stredného podnikania vo vytváraní súčasného trhu práce. Stratégia "riadenia ľudských zdrojov". Zameranie na využívanie pracovného potenciálu, jeho obnovu a motiváciu personálu.

Guardado en:
Detalles Bibliográficos
Autor principal: Gračev, M.
Formato: Capítulo de libro
Lenguaje:ruso
Materias:
Etiquetas: Agregar Etiqueta
Sin Etiquetas, Sea el primero en etiquetar este registro!

MARC

LEADER 00000naa a2200000 4500
001 r005303
005 20221208123339.6
041 0 |a rus 
044 |a [SU] 
245 1 0 |a Sovremennyje tendencii formirovanija rynkov truda v stranach s razvitoj rynočnoj ekonomikoj.  |c M. Gračev 
520 |a Štruktúrne zmeny v systéme zamestnanosti v USA. Narastanie významu malého a stredného podnikania vo vytváraní súčasného trhu práce. Stratégia "riadenia ľudských zdrojov". Zameranie na využívanie pracovného potenciálu, jeho obnovu a motiváciu personálu. 
610 2 0 |a trh práce 
610 2 0 |a USA 
610 2 0 |a podnik malý 
610 2 0 |a podnik stredný 
610 2 0 |a sily pracovné 
610 2 0 |a motivácia pracovná 
100 1 |a Gračev, M.